000 00505nam a22001817a 4500
999 _c6172
_d6172
003 GBCCL
005 20241126110557.0
008 180502b ||||| |||| 00| 0 eng d
040 _cgbc
082 _a266.023
_bDEB
100 _aDeBord, Samuel A.
_911091
245 _aOn the edge of decision /
_cSamuel A. DeBord
260 _aNashville:
_bConvention Press,
_c1964
300 _a119 p.;
_bill.,
_c18 cm.
650 _aMissions
_zAfrica, East
_911092
650 _aBaptists
_xMissions
_92908
942 _2ddc
_cBK